000 01366cam a22003014a 4500
999 _c7999
_d7999
001 16209714
003 OSt
005 20200118105718.0
008 100429s2010 njua b 001 0 eng
010 _a 2010016335
020 _a9788131730706 (pbk.)
040 _aDLC
_coclc
_dDLC
043 _aa-ii---
050 0 0 _aTS155
_b.M327 2010
082 0 0 _a658.5
_222
_bMAH/O
100 _aMahadevan, B
_d1964-
_91279
245 1 0 _aOperations management :
_btheory and practice /
_cB. Mahadevan.
250 _a2nd ed.
260 _aUpper Saddle River :
_bPearson,
_cc2010.
300 _axxi, 650 p. :
_bill. ;
_c28 cm. + 1 CD-Rom (4 3/4in.).
504 _aIncludes bibliographical references and index.
520 _a"Covers the core concepts and theories of production and operations management in the global as well as Indian context. Includes boxes, solved numerical examples, real-world examples and case studies, practice problems, and videos. Focuses on strategic decision making, design, planning, and operational control"--Provided by publisher.
650 0 _aProduction management
_zIndia.
650 0 _aProduction control.
906 _a7
_bcbc
_corignew
_d1
_eecip
_f20
_gy-gencatlg
942 _2ddc
_cBK
_h658.5
_iMAH/O
_k658.5
_mMAH/O